[Event "31st Taminco Open"]
[Site "Ghent BEL"]
[Date "2008.07.22"]
[Round "8"]
[White "Van Wessel,R"]
[Black "Regniers,G"]
[Result "1-0"]
[WhiteElo "2307"]
[BlackElo "2047"]

1.d4 Nf6 2.c4 g6 3.Nc3 Bg7 4.e4 d6 5.Be2 O-O 6.Nf3 e5 7.O-O Nc6 8.d5 Ne7
9.b4 a5 10.bxa5 Rxa5 11.Nd2 Nd7 12.Nb3 Ra8 13.Be3 f5 14.f3 b6 15.a4 Nc5 16.a5 Nxb3
17.Qxb3 bxa5 18.c5 fxe4 19.fxe4 Rxf1+ 20.Bxf1 Ba6 21.Bxa6 Rxa6 22.Qb7 Ra8
23.Nb5 dxc5 24.Nxc7 Rb8 25.Qa7 Qc8 26.Ne6 Qb7 27.Qxb7 Rxb7 28.Bxc5 Bh6 29.Rxa5 Rd7
30.Bf2 Kf7 31.g4 Bd2 32.Ra2 Bc1 33.Rc2 Ba3 34.Bg3 h6 35.Rf2+ Kg8 36.Rf8+  1-0

[Event "Politiken Cup"]
[Site "Helsingor DEN"]
[Date "2008.07.22"]
[Round "5"]
[White "Petersen,Nil"]
[Black "Molvig,H"]
[Result "1/2-1/2"]
[WhiteElo "2043"]
[BlackElo "2204"]

1.c4 Nf6 2.Nc3 g6 3.e4 d6 4.d4 Bg7 5.Nf3 O-O 6.Be2 e5 7.O-O Nc6 8.dxe5 Nxe5
9.Nxe5 dxe5 10.Qxd8 Rxd8 11.f3 c6 12.Be3 Be6 13.Rfd1 b6 14.a4 Rxd1+ 15.Nxd1 Bf8
16.a5 Rb8 17.axb6 axb6 18.Ra6 Nd7 19.Kf2 Bc5 20.Nc3 Kf8 21.Bxc5+ Nxc5 22.Ra3 Ke7
23.b4 Nd7 24.Ke3  1/2-1/2

[Event "XXVI Andorra Open"]
[Site "La Massana AND"]
[Date "2008.07.23"]
[Round "5"]
[White "Marin,Mi"]
[Black "Aloma Vidal,R"]
[Result "1/2-1/2"]
[WhiteElo "2553"]
[BlackElo "2388"]

1.d4 Nf6 2.c4 g6 3.Nc3 Bg7 4.e4 d6 5.Nf3 O-O 6.Be2 e5 7.O-O Nc6 8.d5 Ne7
9.Nd2 a5 10.a3 Nd7 11.Rb1 f5 12.b4 f4 13.Bg4 h5 14.Be6+ Kh7 15.Bb2 b6 16.f3 Bf6
17.Qc2 g5 18.Nb3 Ng6 19.bxa5 bxa5 20.a4 Nh4 21.Qe2 Qe8 22.Ba3 Nb6 23.Nb5 Bxe6
24.Nxc7 Qxa4 25.Bxd6 g4 26.Nxa8 Rxa8 27.dxe6 gxf3 28.gxf3 Qxc4 29.Qxc4 Nxc4
30.Bc7 a4 31.Nc5 a3 32.Nd7 Be7 33.Nb6 Nxb6 34.Bxb6 Ra6 35.Bc7 a2 36.Ra1 Bc5+
37.Kh1 Ng6 38.e7 Bxe7 39.Rf2 Rc6 40.Bb8 Rb6 41.Ba7 Rb7 42.Rff1 Rb2 43.Rf2 Rb1+
44.Rf1 Rb2 45.Rf2  1/2-1/2

[Event "ch-AUT"]
[Site "Leoben AUT"]
[Date "2008.07.23"]
[Round "5"]
[White "Freitag,Ma"]
[Black "Wiedermann,D"]
[Result "1-0"]
[WhiteElo "2408"]
[BlackElo "2156"]

1.d4 Nf6 2.c4 g6 3.Nc3 Bg7 4.e4 d6 5.Be2 O-O 6.Nf3 e5 7.O-O Nc6 8.d5 Ne7
9.Ne1 Nd7 10.Be3 f5 11.f3 f4 12.Bf2 g5 13.a4 a5 14.Nd3 b6 15.b4 axb4 16.Nxb4 Nf6
17.Nd3 h5 18.Be1 Kh8 19.Nb5 g4 20.Bh4 g3 21.hxg3 fxg3 22.Qe1 Ng6 23.Bxg3 Bh6
24.Bd1 Rf7 25.f4 Ng4 26.Bxg4 Bxg4 27.fxe5 Rxf1+ 28.Qxf1 Be3+ 29.Kh1 h4 30.Bh2 h3
31.Bg3 Qg8 32.gxh3 Qh7 33.Ra2 Rf8 34.Rf2 Bxf2 35.Nxf2 Nxe5 36.Nd4 Kg8 37.Qg2 Rxf2
38.Bxf2 Qxh3+ 39.Qxh3 Bxh3 40.Nb5 Nxc4 41.Nxc7 Bd7 42.Nb5 Kf7 43.Kg2 Ke7
44.Kf3 Be8 45.Kf4 Nb2 46.Bh4+ Kd7 47.Kf5 Nxa4 48.Bg3 Bh5 49.Nxd6 Nc3 50.Nc4 b5
51.Ne5+ Kd6 52.Nd3+ Ke7 53.d6+ Kd8 54.Nc5 Be8 55.e5 Na4 56.Bh4+ Kc8 57.Nxa4 bxa4
58.e6 a3 59.Bf6 a2 60.Bd4 Bb5 61.Kf6 Kd8 62.Kf7 Be8+ 63.Kf8 Bh5 64.Bf6+ Kc8
65.d7+  1-0

[Event "19th Czech Chladek & Tintera A Open"]
[Site "Pardubice CZE"]
[Date "2008.07.23"]
[Round "6"]
[White "Turov,M"]
[Black "Sidorenko,I"]
[Result "1-0"]
[WhiteElo "2584"]
[BlackElo "2355"]

1.d4 Nf6 2.c4 g6 3.Nc3 Bg7 4.e4 d6 5.Nf3 O-O 6.Be2 e5 7.O-O Nc6 8.d5 Ne7
9.Nd2 Nd7 10.b4 f5 11.f3 Nf6 12.c5 f4 13.Nc4 g5 14.g4 h5 15.h3 Kf7 16.a4 Rh8
17.Kg2 Ng6 18.Ba3 Bf8 19.Rc1 Ne8 20.a5 Rh6 21.Rh1 Qf6 22.Nd2 Be7 23.Qa4 hxg4
24.hxg4 Nh4+ 25.Kf2 Qh8 26.c6 Nf6 27.Rcg1 Ng6 28.Rxh6 Qxh6 29.cxb7 Qh4+ 30.Kf1 Bxb7
31.Qb5 Bc8 32.Qc6 Rb8 33.Qxc7 Ra8 34.Nb5 Bd7 35.Nc4 Qh3+ 36.Ke1 Qh4+ 37.Kd1 Bxb5
38.Nxd6+ Kg8 39.Nxb5 a6 40.Qc6 Rd8 41.Qxa6 Qh2 42.Rf1 Nh4 43.Qe6+ Kf8 44.d6 Rd7
45.Bc1 Ng2 46.Qxe5 Qh7 47.Kc2 Bd8 48.Kb3  1-0

[Event "Politiken Cup"]
[Site "Helsingor DEN"]
[Date "2008.07.24"]
[Round "7"]
[White "Eljanov,P"]
[Black "Aabling Thomsen,J"]
[Result "1-0"]
[WhiteElo "2716"]
[BlackElo "2275"]

1.d4 Nf6 2.c4 g6 3.Nc3 Bg7 4.e4 d6 5.Nf3 O-O 6.Be2 e5 7.O-O Nc6 8.d5 Ne7
9.b4 Nh5 10.Re1 Nf4 11.Bf1 a5 12.bxa5 Rxa5 13.Nd2 b6 14.a4 Ra8 15.Ra3 f5
16.Nb5 fxe4 17.Nxe4 Bf5 18.g3 Bxe4 19.Rxe4 Nh5 20.Bh3 Nf5 21.Re1 Nd4 22.Nxd4 exd4
23.f4 Kh8 24.Bb2 Re8 25.Be6 Qf6 26.f5 Re7 27.Bc1 d3 28.Rxd3 Qa1 29.g4 gxf5
30.gxh5 Bf6 31.Bg5 Rg7 32.Qxa1 Rxg5+ 33.Rg3  1-0

[Event "19th Czech Chladek & Tintera A Open"]
[Site "Pardubice CZE"]
[Date "2008.07.24"]
[Round "7"]
[White "Vokac,M"]
[Black "Majdan,J"]
[Result "0-1"]
[WhiteElo "2451"]
[BlackElo "2323"]

1.Nf3 Nf6 2.c4 g6 3.Nc3 Bg7 4.e4 d6 5.d4 O-O 6.Be2 e5 7.O-O Nc6 8.d5 Ne7
9.Ne1 Nd7 10.Nd3 f5 11.exf5 Nxf5 12.f3 Nf6 13.Nf2 Bd7 14.Bd3 a5 15.Nfe4 Nxe4
16.Nxe4 Qb8 17.Rf2 Rf7 18.Bd2 b6 19.Qf1 Qf8 20.Re1 Re8 21.Qe2 Nd4 22.Qd1 Bh6
23.Ng5 Rf6 24.Qc1 Bg7 25.Ne4 Rf7 26.b3 Ree7 27.c5 bxc5 28.Bxa5 Bh6 29.Bd2 Bxd2
30.Qxd2 Rf4 31.Ng3 Ref7 32.Be4 Kg7 33.Re3 h5 34.Ne2 Nxe2+ 35.Rexe2 Qb8 36.Re1 Qb6
37.b4 cxb4 38.Rb1 Qa7 39.Rxb4 Rf8 40.Rc4 R4f7 41.Qc2 Bf5 42.Bxf5 gxf5 43.f4 e4
44.Rc3 Rb8 45.Rh3 Qd4 46.Rxh5 e3 47.Re2 Qa1+  0-1

[Event "19th Czech Chladek & Tintera A Open"]
[Site "Pardubice CZE"]
[Date "2008.07.24"]
[Round "7"]
[White "Tikkanen,H"]
[Black "Severiukhina,Z"]
[Result "1/2-1/2"]
[WhiteElo "2417"]
[BlackElo "2300"]

1.d4 Nf6 2.c4 g6 3.Nc3 Bg7 4.e4 d6 5.Nf3 O-O 6.Be2 e5 7.O-O Nc6 8.d5 Ne7
9.Ne1 Nd7 10.Nd3 f5 11.Bd2 b6 12.f3 f4 13.b4 g5 14.c5 bxc5 15.bxc5 Nf6 16.cxd6 cxd6
17.Nf2 Ng6 18.Nb5 Rf7 19.Qe1 a5 20.Na3 a4 21.Nc4 Ba6 22.Rb1 h5 23.Ba5 Qf8
24.Bb4 Bxc4 25.Bxc4 g4 26.Be2 g3 27.Nh3 Bh6 28.Bd2 gxh2+ 29.Kxh2 Rg7 30.Qf2 Nh8
31.Kg1 Rg3 32.Rb7 Qc8 33.Rfb1 Qxh3 34.Be1 Rg6 35.Bf1 Qc8 36.R1b5 Rg7 37.R7b6 Nf7
38.Qb2 Kh7 39.Kh2 Nd7 40.Rb7 Nc5 41.Rb8 Rxb8 42.Rxb8 Qd7 43.Bb5 Qa7 44.Bf1 Ng5
45.Bf2 Rb7 46.Rxb7+ Qxb7 47.Qxb7+ Nxb7 48.Bb5 a3 49.Be1 Bf8 50.Bb4 Be7 51.Bc6 Nc5
52.Bxa3 Bd8 53.Bb4 Kg7 54.a4 Kf7 55.a5 Bc7 56.Bb5 Bb8 57.a6 Ba7 58.Ba5 Ke7
59.Be1 Nb3 60.Ba4 Nc5 61.Bb5 Nb3 62.Ba4 Nd4 63.Kh1 Nh7 64.Kh2 Nf8 65.Bh4+ Kf7
66.Kh3 Ng6 67.Bd8 Ne2 68.Bb5 Nc3 69.Bd7 Nd1 70.Kh2 Ne3 71.Kh3 Nf1 72.Bb5 Nd2
73.Ba4 Nc4 74.Bb5 Ne3 75.Bd7 Nc4  1/2-1/2

[Event "41st Festival MTO"]
[Site "Biel SUI"]
[Date "2008.07.25"]
[Round "5"]
[White "Benkovic,P"]
[Black "Schiendorfer,E"]
[Result "1-0"]
[WhiteElo "2479"]
[BlackElo "2234"]

1.Nf3 Nf6 2.c4 g6 3.Nc3 Bg7 4.e4 d6 5.d4 O-O 6.Be2 e5 7.O-O Nc6 8.d5 Ne7
9.Ne1 Nd7 10.Nd3 f5 11.Bd2 Nf6 12.f3 f4 13.c5 g5 14.cxd6 cxd6 15.Nf2 Ng6
16.Rc1 Ne8 17.Qb3 h5 18.h3 Rf7 19.Rc2 Bf8 20.Rfc1 a6 21.Na4 b5 22.Nb6 Qxb6
23.Rxc8 Rxc8 24.Rxc8 Nc7 25.Qc3 Kg7 26.Kf1 Qb7 27.Rd8 Kf6 28.Qc6 Qxc6 29.dxc6 Ke6
30.Bd1 Ne7 31.Bb3+ d5 32.exd5+ Nexd5 33.Ba5  1-0

[Event "Dutch Open"]
[Site "Dieren NED"]
[Date "2008.07.25"]
[Round "4"]
[White "Van den Bersselaar,J"]
[Black "Obers,F"]
[Result "1/2-1/2"]
[WhiteElo "2186"]
[BlackElo "2112"]

1.Nf3 Nf6 2.c4 g6 3.d4 Bg7 4.Nc3 O-O 5.e4 d6 6.Be2 e5 7.O-O Nc6 8.d5 Ne7
9.Ne1 Nd7 10.Be3 f5 11.f3 f4 12.Bf2 g5 13.Rc1 Ng6 14.c5 Nxc5 15.b4 Na6  1/2-1/2

[Event "Politiken Cup"]
[Site "Helsingor DEN"]
[Date "2008.07.25"]
[Round "8"]
[White "Molvig,H"]
[Black "Hansen,Pa"]
[Result "1-0"]
[WhiteElo "2204"]
[BlackElo "2069"]

1.d4 Nf6 2.c4 g6 3.Nc3 Bg7 4.e4 d6 5.Nf3 O-O 6.Be2 e5 7.O-O Nc6 8.d5 Ne7
9.Ne1 Nd7 10.Be3 f5 11.f3 f4 12.Bf2 Nf6 13.c5 g5 14.Rc1 Rf7 15.cxd6 cxd6
16.Nb5 Ng6 17.Nxa7 Bd7 18.Qb3 Qb8 19.Nb5 Bxb5 20.Bxb5 g4 21.Bb6 g3 22.h3 Ne7
23.Kh1 Nc8 24.Bg1 h5 25.Rc3 Bf8 26.Be2 Ne7 27.Nc2 Ng6 28.Rc1 Nh7 29.Ne1 Qe8
30.Rc7 Ng5 31.Bf1 Nh4 32.a3 Rxc7 33.Rxc7 Qg6 34.Qc2 Rb8 35.Ba7 Ra8 36.Rxb7 Qe8
37.Qc6 Qd8 38.Bb6 Qf6 39.Qd7 Qg6 40.Bd8  1-0

[Event "XXVI Andorra Open"]
[Site "La Massana AND"]
[Date "2008.07.25"]
[Round "7"]
[White "Camarena Gimenez,R"]
[Black "Jimenez Martinez,Jo"]
[Result "1-0"]
[WhiteElo "2416"]
[BlackElo "2223"]

1.d4 g6 2.c4 Bg7 3.e4 d6 4.Nc3 Nf6 5.Nf3 O-O 6.Be2 e5 7.O-O Nc6 8.d5 Ne7
9.Bd2 Kh8 10.Rc1 c5 11.dxc6 bxc6 12.Bg5 Qc7 13.Qd2 Be6 14.b4 Nfg8 15.b5 f6
16.Be3 c5 17.a4 h6 18.Ne1 f5 19.f4 fxe4 20.fxe5 Bxe5 21.Rxf8 Rxf8 22.Nxe4 Nf5
23.Nf3 Bg7 24.Bf2 Nf6 25.Nxf6 Rxf6 26.a5 Rf8 27.Rb1 Qf7 28.b6 axb6 29.axb6 g5
30.b7 Rb8 31.Qa5 g4 32.Qa7 Qc7 33.Nh4 Nxh4 34.Bxh4 Bf5 35.Rb6 Bd4+ 36.Kh1 Be4
37.Bxg4 Rxb7 38.Rxb7 Qxb7 39.Qxb7 Bxb7 40.Be7 Be5 41.Bf8 Be4 42.Bxh6 d5 43.cxd5 Bxd5
44.Bd1 Be4 45.Be2 Kh7 46.Be3 Bd4 47.Bc1 Kg6 48.h4 Bg7 49.Kh2 Bd4 50.g4 Kg7
51.h5 Kh7 52.Kg3 Be5+ 53.Kh4 Bf6+ 54.g5 Bd4 55.Kg4 Be5 56.Bc4 Kg7 57.Be6 Bd3
58.Bf5 Be2+ 59.Kh4 c4 60.h6+ Kh8 61.g6 Bf6+ 62.Bg5 Bc3 63.Be7 Bd3 64.Kg4 Bd4
65.Bf8 Bxf5+ 66.Kxf5 Kg8 67.Be7 c3 68.Bf6 Bxf6 69.Kxf6 c2 70.h7+  1-0

[Event "83rd ch-ARG s/f"]
[Site "Buenos Aires ARG"]
[Date "2008.07.26"]
[Round "7"]
[White "Palmero,P"]
[Black "Catelli,H"]
[Result "0-1"]
[WhiteElo "2144"]
[BlackElo "2176"]

1.d4 Nf6 2.c4 g6 3.Nc3 Bg7 4.e4 d6 5.Nf3 O-O 6.Be2 e5 7.O-O Nc6 8.d5 Ne7
9.b4 Nh5 10.Re1 f5 11.Ng5 Nf6 12.Bf3 h6 13.Ne6 Bxe6 14.dxe6 c6 15.Bb2 fxe4
16.Nxe4 Nxe4 17.Rxe4 Nf5 18.Re2 Qg5 19.b5 Rac8 20.bxc6 bxc6 21.e7 Nxe7 22.h4 Qxh4
23.Qxd6 Kh7 24.Bxe5 Nf5 25.Qd7 Qxc4 26.Bxg7 Nxg7 27.Re7 Qc3 28.Rd1 Rg8 29.Be4 a5
30.Rd4 Qc1+ 31.Rd1 Qf4 32.g3 Qf8 33.Bxg6+ Kxg6 34.Qg4+ Kh7 35.Qe4+ Kh8 36.Rd6 Nf5
37.Qe5+ Rg7 38.Rxg7 Nxg7 39.Rxh6+ Kg8 40.Rg6 Rd8 41.Rxc6 Rd1+ 42.Kg2 Rd2
43.Qe3 Qa8 44.Qxd2 Qxc6+ 45.f3 a4 46.Qd8+ Kf7 47.Qd3 Ne6 48.Qh7+ Ke8 49.Qd3 Qb6
50.Qc2 Qd4 51.Qc8+ Kf7 52.Qc2 a3 53.Qf5+ Ke7  0-1

[Event "III Open"]
[Site "Oviedo ESP"]
[Date "2008.07.26"]
[Round "4"]
[White "Del Rio de Angelis,S"]
[Black "Bajo Gutierrez,I"]
[Result "1/2-1/2"]
[WhiteElo "2526"]
[BlackElo "2238"]

1.d4 Nf6 2.c4 g6 3.Nc3 Bg7 4.e4 d6 5.Nf3 O-O 6.Be2 e5 7.O-O Nc6 8.Be3 Ng4
9.Bg5 f6 10.Bh4 g5 11.Bg3 Nh6 12.dxe5 dxe5 13.h3 Be6 14.Qxd8 Rfxd8 15.Nd5 Rac8
16.Rab1 Nf7 17.b4 Rd7 18.Rfd1 Ne7 19.Nd2 c6 20.Nxe7+ Rxe7 21.Bg4 Bf8 22.f3 Bxg4
23.hxg4 Rd7 24.Kf1 Rcd8 25.Ke2 b5 26.Bf2 Nd6 27.c5 Nb7 28.a4 bxa4 29.Nc4  1/2-1/2

[Event "III Open"]
[Site "Oviedo ESP"]
[Date "2008.07.27"]
[Round "5"]
[White "Gonzalez Vazquez,F"]
[Black "Fernandez Rodriguez,H"]
[Result "1/2-1/2"]
[WhiteElo "1782"]
[BlackElo "2024"]

1.d4 g6 2.c4 Bg7 3.Nc3 d6 4.e4 Nf6 5.Nf3 O-O 6.Be2 e5 7.O-O Nc6 8.d5 Ne7
9.b4 Ne8 10.Rb1 f5 11.Ng5 Nf6 12.f3 Nh5 13.Re1 Bd7 14.Ne6 Bxe6 15.dxe6 c6
16.Kh1 Nf4 17.Bxf4 exf4 18.Qd2 Be5 19.Bf1 Qc7 20.c5 Rad8 21.Qc2 dxc5 22.bxc5 Bd4
23.Ne2 Be3 24.Red1 b6 25.cxb6 axb6 26.Nc3 b5 27.Nxb5 Qe5 28.Na3 fxe4 29.Qxe4 Qxe4
30.fxe4 Kg7 31.e5 Rxd1 32.Rxd1 Nd5 33.Bc4 Re8 34.Bxd5 cxd5 35.Rxd5 Rxe6 36.Nc4 Rc6
37.Nxe3 fxe3 38.Rd1 Ra6 39.g3 Rxa2 40.Re1 Ra3 41.Kg2 Ra2+ 42.Kg1 Ra3 43.h4 Kf7
44.Kg2 Ke6 45.Re2 Kxe5 46.Kf3 Kd4 47.g4 h6 48.g5 hxg5 49.hxg5 Rb3 50.Ra2 Rb4
51.Ke2 Ke4 52.Ra8 Rb2+ 53.Ke1 Kf3 54.Rf8+ Kg4 55.Re8 Kf4 56.Re6 Kxg5 57.Rxe3 Kf4
58.Rc3 g5 59.Kf1 g4 60.Kg1 Kg5 61.Rc5+ Kh4 62.Rc4 Kh3 63.Rc3+ g3 64.Rc1 Rb3
65.Kh1 Kg4 66.Rc8 Rb2 67.Rg8+ Kf3 68.Rf8+ Ke2  1/2-1/2

[Event "Dutch Open"]
[Site "Dieren NED"]
[Date "2008.07.28"]
[Round "6"]
[White "De Ruiter,D"]
[Black "Klein,Da"]
[Result "0-1"]
[WhiteElo "2017"]
[BlackElo "2135"]

1.d4 Nf6 2.c4 g6 3.Nc3 Bg7 4.e4 d6 5.Nf3 O-O 6.Be2 e5 7.O-O Nc6 8.d5 Ne7
9.b4 Nh5 10.Re1 f5 11.Ng5 Nf6 12.f3 Nh5 13.c5 Nf4 14.Bc4 Kh8 15.Bxf4 exf4
16.Rc1 fxe4 17.Rxe4 Bf5 18.Ne6 Bxe6 19.Rxe6 Nf5 20.Qd3 a5 21.cxd6 cxd6 22.bxa5 Rxa5
23.Ne2 Rc5 24.Qe4 b5 25.Bd3 Rxc1+ 26.Nxc1 Bd4+ 27.Kf1 Qh4 28.Qe1 Qxh2 29.Bxf5 gxf5  0-1

[Event "Dutch Open"]
[Site "Dieren NED"]
[Date "2008.07.28"]
[Round "6"]
[White "Van Vliet,D"]
[Black "Hachijan,A"]
[Result "1/2-1/2"]
[WhiteElo "2116"]
[BlackElo "2013"]

1.d4 Nf6 2.c4 g6 3.Nc3 Bg7 4.e4 d6 5.Nf3 O-O 6.Be2 e5 7.O-O Nc6 8.d5 Ne7
9.Ne1 Nd7 10.Nd3 f5 11.Bd2 Nf6 12.f3 f4 13.c5 g5 14.Rc1 Ng6 15.cxd6 cxd6
16.Nb5 Rf7 17.Qc2 Ne8 18.a4 h5 19.Nf2 Bd7 20.Qb3 Qb8 21.Rc3 Bf6 22.Qb4 Rg7
23.h3 Bd8 24.a5 Nh8 25.Rfc1 Nf7 26.Rb3 a6 27.Na3 b5 28.axb6 a5 29.Qc3 Bxb6
30.Nc4 Bxf2+ 31.Kxf2 Qa7+ 32.Rb6 g4 33.Qxa5 Qc7 34.Qxa8 Qc5+ 35.Ke1 gxh3
36.gxh3 Qg1+ 37.Bf1 Rg2 38.b3 Qf2+ 39.Kd1 Qxf1+ 40.Kc2 Qxf3 41.Re1 Qg3 42.Kc1 f3
43.Rb8 f2 44.Rxe8+ Bxe8 45.Qxe8+ Kg7 46.Rd1 Rg1 47.Ne3 Qxe3 48.Bxe3 Rxd1+
49.Kxd1 f1=Q+ 50.Kd2 Qg2+ 51.Kd3 Qf1+ 52.Kd2  1/2-1/2

[Event "III Open"]
[Site "Oviedo ESP"]
[Date "2008.07.28"]
[Round "6"]
[White "Del Rio de Angelis,S"]
[Black "Bazan Solera,M"]
[Result "1-0"]
[WhiteElo "2526"]
[BlackElo "2076"]

1.d4 Nf6 2.c4 g6 3.Nc3 Bg7 4.e4 d6 5.Nf3 O-O 6.Be2 e5 7.O-O Nc6 8.d5 Ne7
9.Ne1 Ne8 10.f3 f5 11.g4 Kh8 12.h4 fxg4 13.fxg4 Rxf1+ 14.Kxf1 c5 15.Ng2 h6
16.Be3 Bd7 17.g5 Ng8 18.Kg1 Bf8 19.Qd2 Kh7 20.Rf1 Qe7 21.a3 Nc7 22.b4 b6
23.bxc5 bxc5 24.Rb1 Bc8 25.Qd1 Qd7 26.Qf1 Bg7 27.Qf3 Ba6 28.h5 Qe8 29.hxg6+ Qxg6
30.Nh4 Rf8 31.Qxf8 Bxf8 32.Nxg6 Kxg6 33.Rb8 Kf7 34.Bh5+ Ke7 35.gxh6 Bxh6
36.Bxh6 Nxh6 37.Rh8  1-0

[Event "III Open"]
[Site "Oviedo ESP"]
[Date "2008.07.28"]
[Round "6"]
[White "Fernandez Diez,A"]
[Black "Bajo Gutierrez,I"]
[Result "0-1"]
[WhiteElo "2068"]
[BlackElo "2238"]

1.Nf3 Nf6 2.c4 d6 3.d4 g6 4.Nc3 Bg7 5.e4 O-O 6.Be2 e5 7.O-O Nc6 8.d5 Ne7
9.Bd2 a5 10.Rc1 Ne8 11.a3 h6 12.b4 axb4 13.axb4 f5 14.Qb3 g5 15.c5 Ng6 16.Ra1 Rxa1
17.Rxa1 g4 18.Ne1 f4 19.Ra8 f3 20.c6 fxe2 21.Be3 b6 22.Nb5 Nf6 23.Qd3 Nh5
24.Qxe2 Nhf4 25.Qf1 Bf6 26.Nd3 Bg5 27.Na7 Ne7 28.Nxf4 Bxf4 29.Qe2 h5 30.Qd2 Qe8
31.Nb5 Qg6 32.g3 Qxe4 33.gxf4 exf4 34.Bxf4 Rxf4 35.Nxc7 h4 36.h3 gxh3 37.f3 Qg6+
38.Kh1 Rd4 39.Qe2 Rd1+  0-1

[Event "2nd Dragana Vjestice Mem"]
[Site "Banja Luka BIH"]
[Date "2008.07.29"]
[Round "8"]
[White "Vojvodic,V"]
[Black "Popovic,Zo1"]
[Result "1/2-1/2"]
[WhiteElo "2234"]
[BlackElo "2348"]

1.d4 Nf6 2.c4 g6 3.Nc3 Bg7 4.e4 d6 5.Nf3 O-O 6.Be2 e5 7.O-O Nc6 8.d5 Ne7
9.b4 a5 10.bxa5 Rxa5 11.a4 Nd7 12.Nd2 f5 13.Ba3 Ra8 14.Nb3 Nf6 15.f3 Bh6
16.c5 Be3+ 17.Kh1 Nh5 18.Qe1 f4 19.Nd1 Nf5 20.exf5 Ng3+ 21.hxg3 Qg5 22.Nxe3 fxg3
23.Qxg3 Qxg3 24.cxd6 Rxa4 25.d7 Rh4+ 26.Kg1 Bxd7 27.Bxf8 Kxf8 28.fxg6 hxg6
29.Nc5 Bf5 30.Ne4 Qh2+ 31.Kf2 Bxe4 32.fxe4 Rxe4 33.Bf3 Rd4 34.Rad1 Ke7 35.Ng4 Qh4+
36.g3 Qg5 37.Rxd4 exd4 38.Rd1 Kd6 39.Rxd4 Qc1 40.Rd1 Qc2+ 41.Kg1 b5 42.Nf2 b4
43.Be4 Qc3 44.Kg2 g5 45.Rd3 Qc4 46.Kf3 b3 47.Nd1 g4+ 48.Kf4 b2 49.Nxb2 Qc1+
50.Kxg4 Qxb2 51.Kf3 Ke5 52.Re3 Qh2 53.Re2 Qg1 54.Kg4 Kf6 55.Bf3 Qf1 56.Re6+ Kf7
57.Rc6 Qd3 58.Rxc7+ Kf6 59.Rc6+ Kg7 60.Re6 Qd4+ 61.Re4 Qf6 62.Re6 Qd4+ 63.Be4 Qd1+
64.Kh4 Qd2 65.d6 Kf7 66.Bf5 Qd4+ 67.Kh3 Qd1 68.Kh4 Qd4+ 69.Kg5 Qd2+ 70.Kh4 Qd1
71.Kg5  1/2-1/2

[Event "Dutch Open"]
[Site "Dieren NED"]
[Date "2008.07.29"]
[Round "7"]
[White "Ikonnikov,Vy"]
[Black "Bitalzadeh,A"]
[Result "1/2-1/2"]
[WhiteElo "2592"]
[BlackElo "2310"]

1.d4 Nf6 2.Nf3 g6 3.c4 Bg7 4.Nc3 O-O 5.e4 d6 6.Be2 e5 7.O-O Nc6 8.Be3 Re8
9.dxe5 dxe5 10.Qxd8 Nxd8 11.Nd5 Ne6 12.Ng5 Nxg5 13.Bxg5 Nxd5 14.cxd5 Bd7
15.Rac1 c6 16.Bc4 Rac8 17.d6 h6 18.Be7 Bf8 19.Bxf8 Kxf8 20.Rfd1 Rcd8 21.b4 a6
22.a4 Be6 23.b5 cxb5 24.axb5 Bxc4 25.Rxc4 Re6 26.bxa6 Rexd6 27.Rxd6 Rxd6
28.f4 bxa6 29.fxe5 Rb6 30.Rc7 Rb5 31.Ra7 a5 32.Kf2 Rxe5 33.Kf3 Rb5 34.h4 Rb3+
35.Kf4 Ra3 36.e5 Ra4+ 37.Kg3 Ra2 38.Kf3 a4 39.Kg3 a3 40.Kh2 Ra1 41.g3 Ke8
42.Kg2 a2 43.Kh2 Kd8 44.Kg2 Kc8 45.Kh2 Kb8 46.Ra3 Kb7 47.Kg2 Kc6 48.Ra5 Kb6
49.Ra8 Kc5 50.Ra7 Kd4 51.Ra5 h5 52.Ra8 Kxe5 53.Ra5+ Kd4 54.Ra8 Ke3 55.Re8+ Kd3
56.Rd8+ Ke4 57.Re8+ Kf5 58.Ra8 f6 59.Ra5+ Ke4 60.Ra8 f5 61.Re8+ Kd4 62.Rd8+ Ke5
63.Re8+ Kf6 64.Ra8 g5 65.Ra6+ Kg7 66.Ra7+ Kg8 67.Ra8+ Kf7 68.Ra7+ Ke8 69.Ra8+ Ke7
70.Ra7+ Kd8 71.Ra8+ Ke7  1/2-1/2

[Event "TIPC Open"]
[Site "Charleroi BEL"]
[Date "2008.07.30"]
[Round "6"]
[White "Sumets,A"]
[Black "Remy,Joe"]
[Result "1/2-1/2"]
[WhiteElo "2534"]
[BlackElo "2098"]

1.d4 Nf6 2.c4 g6 3.Nc3 Bg7 4.e4 d6 5.Nf3 O-O 6.Be2 e5 7.O-O Nc6 8.d5 Ne7
9.Kh1 Nh5 10.Ng1 Nf4 11.Bf3 h6 12.g3 Nh3 13.Nxh3 Bxh3 14.Bg2 Bxg2+ 15.Kxg2 f5
16.f3 fxe4 17.fxe4 Rxf1 18.Qxf1 Qd7 19.Qe2 Rf8 20.Be3 b6 21.b4 g5 22.c5 Ng6
23.c6 Qc8 24.Rf1 Nf4+ 25.gxf4 exf4 26.Nd1 f3+ 27.Rxf3 Qg4+ 28.Kf2 Qh4+ 29.Kf1 Qh3+  1/2-1/2

[Event "13th Open"]
[Site "Creon FRA"]
[Date "2008.07.31"]
[Round "6"]
[White "Favarel,C"]
[Black "Borrat,J"]
[Result "1-0"]
[WhiteElo "2102"]
[BlackElo "1873"]

1.Nf3 Nf6 2.d4 g6 3.c4 Bg7 4.Nc3 O-O 5.e4 d6 6.Be2 e5 7.O-O Nc6 8.d5 Ne7
9.b4 Nd7 10.Be3 h6 11.Nd2 f5 12.f3 f4 13.Bf2 g5 14.c5 Nf6 15.Nc4 h5 16.cxd6 cxd6
17.Nb5 g4 18.Ncxd6 gxf3 19.Nxc8 fxe2 20.Nxe7+ Qxe7 21.Qxe2 Qxb4 22.Rfe1 Ng4
23.Nc7 Nxf2 24.Qxf2 Rac8 25.Ne6 Rf6 26.Rab1 Qc3 27.Rxb7 Bh6 28.Rb3 Qa5 29.Reb1 f3
30.Rxf3 Rxf3 31.Qxf3 h4 32.Qg4+ Kh8 33.Qxh4 Qd2 34.Qf6+ Kg8 35.h3 Be3+ 36.Kh2 Bf4+
37.Nxf4 exf4 38.Qe6+  1-0

[Event "IMB Proclient Cup"]
[Site "Olomouc CZE"]
[Date "2008.08.01"]
[Round "3"]
[White "Tikkanen,H"]
[Black "Neoral,A"]
[Result "1-0"]
[WhiteElo "2417"]
[BlackElo "2169"]

1.d4 Nf6 2.c4 g6 3.Nc3 Bg7 4.e4 d6 5.Nf3 O-O 6.Be2 e5 7.O-O Nc6 8.d5 Ne7
9.Ne1 Nd7 10.Nd3 f5 11.Bd2 Nf6 12.f3 f4 13.c5 g5 14.cxd6 cxd6 15.Nf2 Ng6
16.Qc2 h5 17.h3 Rf7 18.Rfc1 Bf8 19.Nb5 Ne8 20.Nxa7 Bd7 21.Nc6 Qf6 22.Na5 Rb8
23.Nc4 b6 24.a4 Nh4 25.Qd1 Qg6 26.Ra3 Nf6 27.Be1 Rg7 28.Nd2 Be7 29.b4 Rf8
30.a5 bxa5 31.bxa5 g4 32.fxg4 Nxg2 33.Kxg2 f3+ 34.Rxf3 hxg4 35.hxg4 Nh5 36.Rxf8+ Kxf8
37.Nf1 Nf4+ 38.Kg1 Qh6 39.Bd2 Bg5 40.Bxf4 Bxf4 41.Rc3 Rf7 42.Rh3 Qf6 43.Rb3 Re7
44.a6  1-0

[Event "TIPC Open"]
[Site "Charleroi BEL"]
[Date "2008.08.02"]
[Round "9"]
[White "Schaeken,Y"]
[Black "Dessomme,F"]
[Result "0-1"]
[WhiteElo "1988"]
[BlackElo "1974"]

1.d4 Nf6 2.c4 g6 3.Nc3 Bg7 4.e4 d6 5.Be2 O-O 6.Nf3 Nc6 7.O-O e5 8.d5 Ne7
9.Ne1 Nd7 10.Be3 f5 11.f3 f4 12.Bf2 a5 13.Nd3 g5 14.a4 Nf6 15.c5 h5 16.cxd6 cxd6
17.Qb3 Ng6 18.Bb6 Qe7 19.Nb5 g4 20.Rac1 Ne8 21.fxg4 Bxg4 22.Bxg4 hxg4 23.Nf2 g3
24.hxg3 fxg3 25.Qxg3 Nf4 26.Rfe1 Rf6 27.Qh2 Rh6 28.Nh3 Nd3 29.Rf1 Nxc1 30.Rxc1 Qh4
31.Be3 Rc8 32.Nc3 Rh5 33.Bf2 Qg4 34.Qg3 Nf6 35.Re1 Qxg3 36.Bxg3 Bh6 37.Bf2 Bd2
38.Rf1 Bxc3 39.bxc3 Nxe4 40.Rb1 Rxc3 41.Be1 Rc4 42.Bxa5 Rxa4 43.Bc7 Rh7 44.Bb6 Ra2
45.Re1 Nc3 46.Bf2 Rg7 47.Kf1 b5  0-1

[Event "Timisoara Cup IM"]
[Site "Timisoara ROM"]
[Date "2008.08.02"]
[Round "1"]
[White "Sfarlog,T"]
[Black "Dragomirescu,R"]
[Result "0-1"]
[WhiteElo "2288"]
[BlackElo "2232"]

1.Nf3 Nf6 2.c4 g6 3.Nc3 Bg7 4.e4 d6 5.d4 O-O 6.Be2 e5 7.O-O Nc6 8.d5 Ne7
9.b4 Nh5 10.Re1 h6 11.a4 f5 12.Nd2 Nf4 13.Bf1 fxe4 14.Ndxe4 Nf5 15.Ra3 Nd4
16.Nb5 Nxb5 17.axb5 Nh5 18.g3 Nf6 19.Bg2 Bg4 20.Qc2 Qd7 21.Be3 Bh3 22.Nxf6+ Rxf6
23.Be4 Qg4 24.Rxa7 Rxa7 25.Bxa7 h5 26.Qe2 Qd7 27.Be3 Bg4 28.f3 Bf5 29.Bg5 Rf8
30.c5 Ra8 31.c6 Qc8 32.Bxf5 Qxf5 33.h4 b6 34.Kg2 Ra4 35.Bd8 Qf7 36.Qe4 Ra8
37.Bg5 Bf6 38.Bxf6 Qxf6 39.Re2 Kg7 40.f4 exf4 41.Qe7+ Qf7 42.gxf4 Rf8 43.Kf3 Qxe7
44.Rxe7+ Rf7 45.Re6 Rf6 46.Re8 Rf8 47.Re2 Rf7 48.Ra2 Kf6 49.Ra8 Kg7 50.Rd8 Kf6
51.Rd7 Re7 52.Rd8 Rf7 53.Kg3 Re7 54.Kf2 Rg7 55.Kf3 Re7 56.Rd7 Rg7 57.f5 gxf5
58.Rd8 Re7 59.Rh8 Ke5 60.Rxh5 Kxd5 61.Rxf5+ Kc4 62.h5 d5 63.Kf4 d4 64.Rf8 d3
65.Rd8 Kc3 66.Rd7 d2  0-1

[Event "Timisoara Cup GM"]
[Site "Timisoara ROM"]
[Date "2008.08.02"]
[Round "1"]
[White "Varga,Zo"]
[Black "Grigore,Ge"]
[Result "1/2-1/2"]
[WhiteElo "2479"]
[BlackElo "2517"]

1.d4 Nf6 2.c4 g6 3.Nc3 Bg7 4.e4 d6 5.Nf3 O-O 6.Be2 e5 7.O-O Nc6 8.d5 Ne7
9.b4 Nh5 10.Re1 a5 11.Ba3 Nf4 12.Bf1 axb4 13.Bxb4 Bg4 14.h3 Bxf3 15.Qxf3 c5
16.dxc6 Nxc6 17.a3 Ne6  1/2-1/2

[Event "GM Valoz Cup"]
[Site "Olomouc CZE"]
[Date "2008.08.03"]
[Round "5"]
[White "Luch,M"]
[Black "Erdogdu,M"]
[Result "0-1"]
[WhiteElo "2412"]
[BlackElo "2440"]

1.d4 Nf6 2.c4 g6 3.Nc3 Bg7 4.e4 d6 5.Nf3 O-O 6.Be2 e5 7.O-O Nc6 8.d5 Ne7
9.b4 a5 10.Ba3 axb4 11.Bxb4 b6 12.a4 Re8 13.Nd2 c5 14.dxc6 Nxc6 15.Ba3 Nd4
16.Nb5 Nxb5 17.axb5 Be6 18.Qc2 Qc7 19.Qd3 Bf8 20.Bb4 Nd7 21.Nb3 Rec8 22.Rxa8 Rxa8
23.Rd1 Ra4 24.Qc3 Qb7 25.f3 Qc7 26.Nd2 Nc5 27.Nb3 Nd7 28.Nd2 Bh6 29.Nb3 Nc5
30.Nxc5 bxc5 31.Ba3 Qa5 32.Qxa5 Be3+ 33.Kf1 Rxa5 34.Bc1 Bxc1 35.Rxc1 Kf8
36.Ke1 Ke7 37.Kd2 Kd7 38.Kc3 Ra2 39.Rc2 Ra1 40.Rd2 Rh1 41.h3 Rg1 42.Bd3 Kc7
43.Ra2 Bc8 44.Ra7+ Bb7 45.Ra2 h5 46.Rf2 Bc8 47.Ra2 Kb8 48.Rf2 f5 49.Bf1 f4
50.Kd2 Be6 51.Kc3 g5 52.Be2 Kb7 53.Kb3 Kb6 54.Kc3 Kc7 55.Kb3 Kb7 56.Kc2 Ra1
57.Kb2 Re1 58.Kc3 Rh1 59.Kd2 Ra1 60.Kc3 Ra3+ 61.Kd2 Kb6 62.Bd3 Ka5 63.Rf1 Ra2+
64.Kc3 Rxg2 65.Ra1+ Kb6 66.Ra6+ Kc7 67.Ra7+ Kb8 68.Ra6 Bxh3 69.Rxd6 g4 70.fxg4 hxg4
71.Rh6 Rg3 72.Rh8+ Kb7 73.Rh7+ Kb8 74.Rh8+ Kc7 75.Rh7+ Kc8 76.Rh8+ Kd7 77.Rh7+ Ke6
78.Rh6+ Kf7 79.b6 Bf1 80.Rd6 Bxd3 81.Rxd3 f3 82.b7 f2 83.Rxg3 f1=Q 84.b8=Q Qe1+
85.Kc2 Qf2+ 86.Kd1 Qxg3 87.Qc7+ Kg6 88.Qxc5 Qd3+ 89.Ke1 Qxe4+ 90.Kf1 Qf3+
91.Kg1 Qd1+ 92.Kh2 Qe2+ 93.Kg1 g3 94.Qa7 Qh2+  0-1